Swimming Tracklist By Streams - Statistics

General Stats
  • This quiz has been taken 13 times
  • The average score is 10 of 13
Answer Stats
# Streams Answer % Correct
1 784,189,299 Self Care
100%
7 220,495,528 2009
83%
3 369,383,831 Come Back To Earth
83%
8 195,638,865 Jet Fuel
83%
12 103,308,867 Perfecto
83%
13 76,791,527 Conversation Pt. 1
67%
10 138,824,940 Dunno
67%
5 276,862,163 Hurt Feelings
67%
4 348,763,539 Ladders
67%
2 452,605,810 Small Worlds
67%
11 116,641,613 So It Goes
67%
6 271,652,615 What's The Use?
67%
9 164,567,777 Wings
67%
No matching quizzes found
Score Distribution
Percent of People with Each Score
Percentile by Number Answered
Your Score History
You have not taken this quiz